Я познаю мир (Запис номер 36655)
[ съкратено ]
| 000 -Лидер | |
|---|---|
| Контролно поле с фиксирана дължина | 01656nam a2200373 c 4500 |
| 003 - Код на организацията, давaща контролен номер | |
| Контролно поле | BLK |
| 005 - Дата и час на последна редакция | |
| Контролно поле | 20180420220929.0 |
| 008 - Елементи от данни с фиксирана дължина | |
| fixed length control field | 180408b bul|||||r ||||||| ||bul|| |
| 010 ## - Наследен системен номер | |
| LC control number | KNG00039672000 |
| 020 ## - Международен стандартен номер на книга ISBN | |
| Международен стандартен номер на книга ISBN | 5-237-00202-1 |
| -- | издат.: АСТ - на том |
| 040 ## - Източник на каталожния запис | |
| Идентификатор на билиотеката - собственик на записа | BLK |
| 041 ## - Код за език | |
| Код за езика на текст/звукозапис или на отделно заглавие | Руски |
| Код за езика КДБФ | Руски |
| 080 ## - УДК | |
| Текстов определител УДК | Общи енциклопедии. Енциклопедични речници. Научни справочници. Отраслови енциклопедии и справочници се класират в съответните отдели с определител за форма |
| УДК код - определител по УДК | 03 |
| УДК определител | |
| УДК - код + определител | 03 |
| 080 ## - УДК | |
| Текстов определител УДК | Зоология. Вж и 636 |
| УДК код - определител по УДК | 59 |
| УДК определител | (031) |
| УДК - код + определител | 59(031) |
| 139 ## - Редно поле | |
| Редна дума | Я познаю мир |
| Авторски знак | Я - Я 11 |
| 245 10 - Сведения за заглавието | |
| Заглавие | Я познаю мир |
| Подзаглавни данни | Дет. энцикл. |
| Редно поле (дума) | авт.-состав. на том Петр Рубенович Ляхов. |
| Заглавие на том | Животные |
| 257 ## - Страна на издаване | |
| Страна на създаване/издаване | Русия |
| 260 ## - Област на издателските данни | |
| -- | Москва |
| Година на издаване | 1998 - |
| Печатница | Минск : ППП им. Я. Коласа |
| 300 ## - Физическа характеристика | |
| Размери/Мащаб | 21 см |
| 380 ## - Жанр | |
| Жанр | Общ отдел |
| 490 1# - СЕРИИ (Колекции) | |
| Име на серия | Я познаю мир |
| 650 #4 - Допълнително описание по предмет – тема | |
| Основно описание – тема или топоним | Животни - енциклопедии |
| 9 (RLIN) | 252991 |
| 653 ## - Ключова дума – ненормативна | |
| Ключова дума | животни |
| 653 ## - Ключова дума – ненормативна | |
| Ключова дума | енциклопедии |
| 653 ## - Ключова дума – ненормативна | |
| Ключова дума | литература за деца |
| 653 ## - Ключова дума – ненормативна | |
| Ключова дума | детска литература |
| 700 1# - Други автори (авторска отговорност) | |
| Лично име | Ляхов, Петр Рубенович |
| Автороска отговорност (Описва отношението между автора и произведението) | авт.-состав. на том |
| 9 (RLIN) | 275058 |
| 760 1# - Описание на основната серия | |
| -- | - на том |
| Място на издаване, издател и година | АСТ, 1999 |
| Страници - том | 544 с. |
| Забележка - том | Предм.-имен. указ. |
| Заглавие | Животные |
| 852 ## - Местоположение | |
| Форматна сигнатура | Цб 201842 |
| 856 4# - Електронен адрес и достъп | |
| Електронен формат | pdf - файл |
| Път до файла /url/ | |
| 856 4# - Електронен адрес и достъп | |
| Електронен формат | pdf - файл |
| Път до файла /url/ | |
| 942 ## - АРТИКУЛИ | |
| Вид на библиотечния материал | Книги |
| Скрит в OPAC | Не |
| 944 ## - СЪЗДАВАНЕ И РЕДАКЦИЯ на ЗАПИСА | |
| Създаване/Редакция | Създаване |
| Дата на регистрацията/редакция | 15.01.2003 |
| Служител, извършил регистрацията/редакцията | Людмила_Стоянова |
| 944 ## - СЪЗДАВАНЕ И РЕДАКЦИЯ на ЗАПИСА | |
| Създаване/Редакция | Редакция |
| Дата на регистрацията/редакция | 09.12.2005 |
| Служител, извършил регистрацията/редакцията | |
| 999 ## - СИСТЕМНИ КОНТРОЛНИ НОМЕРА | |
| Koha biblionumber | 36655 |
| Koha biblioitemnumber | 36655 |
| Код за отписване | Код за изгубен артикул | Източник на класификационната схема | Код за повреда | Коз за рестрикции | Код за отдаване | Артикулен № | Име на библиотеката - собственик | Име на библиотеката, в която се намира в момента | Статус (Текущо местоположение) | Дата на вписване в системата | Местоположение - отдел | Цена в лева | Инвентарен номер | Систематично азбучна сигнатура | Баркод | Номер на екземпляра | Цена в евро | Служебна бележка | Служебен тип на артикула |
|---|---|---|---|---|---|---|---|---|---|---|---|---|---|---|---|---|---|---|---|
| Не е изгубен | Universal Decimal Classification | Не е повреден | без рестрикции | заемане за дома | 57691 | Регионална библиотека "Любен Каравелов" Русе | Регионална библиотека "Любен Каравелов" Русе | Детски отдел | 1999-01-01 | Детски отдел | 0.00 | 651079 | Д 03/Я 11 | 120000651079 | 1 | 0.00 | Дост: Pk Вид: Ф N: стар фонд Дата: 01.01.1999 Дата инв: 25.08.2015 Бележки инв: Д2015 | Книги |